Microbiology (Record no. 84028)

MARC details
000 -LEADER
fixed length control field 00218pam a2200109 a 4500
020 ## - INTERNATIONAL STANDARD BOOK NUMBER
Terms of availability
041 ## - LANGUAGE CODE
Language code of text/sound track or separate title eng
082 ## - DEWEY DECIMAL CLASSIFICATION NUMBER
Classification number 576.028
Item number CAP
100 ## - MAIN ENTRY--PERSONAL NAME
Personal name Sherman, C.
245 ## - TITLE STATEMENT
Title Microbiology
Medium Textual Documents
930 ## - EQUIVALENCE OR CROSS-REFERENCE-UNIFORM TITLE HEADING [LOCAL, CANADA]
Uniform title 7117
Holdings
Withdrawn status Lost status Damaged status Not for loan Collection Home library Current library Date acquired Source of acquisition Cost, normal purchase price Total Checkouts Full call number Barcode Date last seen Copy number Price effective from Koha item type
          Yashwantrao Mohite College of Arts, Science And Commerce, Pune Yashwantrao Mohite College of Arts, Science And Commerce, Pune 19/05/2021 Universal 425.00   576.028 CAP YMP-37059 24/02/2023 1 24/02/2023 Book